Dret del treball

Detalles Bibliográficos
Autor principal: Alemany Zaragoza, Eduardo
Formato: Desconocido
Lenguaje:español
Publicado: [Barcelona] : UOC, D.l. 1997
Materias:
Acceso en línea:Acceso restringido

MARC

LEADER 00000ny a22000003n 4500
005 20110527103533.0
008 080807s1997 sp s 000 0 spa c
020 |a 84-8318-074-x 
035 |a 1535 
040 |a UMA.RE  |d vLex 
080 |a 349.2(0.034) 
090 |c 314  |d 314 
100 1 |a Alemany Zaragoza, Eduardo 
245 1 0 |a Dret del treball  |h [Recurso electrn̤ico]  |c Eduardo Alemany Zaragoza 
256 |a Servicio en ln̕ea 
260 |a [Barcelona] :  |b UOC,  |c D.l. 1997 
506 1 |a Contenido solo disponible en los productos indicados  |d vLex Global  |d vLex Global (Academic Edition, excluding Law Schools)  |d vLex Global (U.S. Academic Edition, Law Schools)  |d vLex Global (U.S. Academic Edition, excluding Law Schools)  |d vLex Global (Academic Edition, Law Schools) 
650 0 7 |a Laboral  |2 Tesauro vLex 
740 0 |a vLex Libros (Servicios en ln̕ea) 
856 4 0 |u http://vlex.com/source/1535  |z Acceso restringido 
942 |c BOOK 
999 0 |a Labor laws and legislation  |b Barcelona